[Event "Catanduva op"]
[Site "Catanduva"]
[Date "2020.03.15"]
[Round "5"]
[White "Arduini, Leonardo Adolfo"]
[Black "Bottos Neto, Rubens"]
[Result "1-0"]
[WhiteElo "1603"]
[BlackElo "1772"]
[PlyCount "127"]
[EventDate "2020.03.13"]
[EventType "swiss"]
[EventRounds "6"]
[EventCountry "BRA"]
[SourceTitle "CBM 195 Extra"]
[Source "ChessBase"]
[SourceDate "2020.05.31"]
[SourceVersion "1"]
[SourceVersionDate "2020.05.31"]
[SourceQuality "1"]

1. e4 e5 2. Bc4 Nf6 3. d3 d5 4. exd5 Nxd5 5. Nf3 Nc6 6. 0-0 Be7 7. Re1 f6 8. Bd2 Be6 9. Bb3 Qd7 10. Nc3 0-0-0 11. Ne4 h6 12. c4 Ndb4 13. Bxb4 Nxb4 14. d4 exd4 15. a3 Nc6 16. Qd3 Ne5 17. Nxe5 fxe5 18. Ng3 Bf6 19. Bd1 Rhg8 20. b4 g6 21. c5 Bf5 22. Ne4 Bxe4 23. Rxe4 h5 24. h3 a6 25. g4 Qb5 26. Qb3 Qc6 27. Bf3 Rgf8 28. Rxd4 Qe8 29. Rd5 Rxd5 30. Qxd5 Qc6 31. Qxc6 bxc6 32. Bxc6 hxg4 33. hxg4 Bh4 34. f3 Rf6 35. Be4 c6 36. Rb1 Kc7 37. a4 Re6 38. Kf1 Be7 39. Ke2 g5 40. Kd3 Rf6 41. Rh1 Bf8 42. Rh7+ Kb8 43. Bf5 a5 44. Kc4 axb4 45. Kxb4 Rh6 46. Rd7 Rh8 47. a5 Rg8 48. Be4 Kc8 49. Bxc6 Rg6 50. Bb5 Rf6 51. Rd3 Rf4+ 52. Bc4 Kc7 53. Kb5 e4 54. fxe4 Rxe4 55. Rg3 Be7 56. Bd3 Re5 57. a6 Rxc5+ 58. Ka4 Kb6 59. Bb5 Bd6 60. Rf3 Bb8 61. Rf6+ Ka7 62. Rf7+ Ka8 63. Bd3 Rd5 64. Be4 1-0

[Event "Sao Sebastiao IRT op"]
[Site "Sao Sebastiao do Paraiso"]
[Date "2016.02.14"]
[Round "5"]
[White "Arduini, Leonardo Adolfo"]
[Black "Nunes da Silva, Diego"]
[Result "0-1"]
[WhiteElo "1666"]
[BlackElo "1595"]
[PlyCount "106"]
[EventDate "2016.02.13"]
[EventType "swiss"]
[EventRounds "5"]
[EventCountry "BRA"]
[SourceTitle "CBM 170 Extra"]
[Source "ChessBase"]
[SourceDate "2016.02.25"]
[SourceVersion "1"]
[SourceVersionDate "2016.02.25"]
[SourceQuality "1"]

1. c4 g6 2. Nc3 Bg7 3. d4 Nf6 4. Nf3 d6 5. e4 Bg4 6. Be2 0-0 7. h3 Bxf3 8. Bxf3 Nfd7 9. Be3 e5 10. dxe5 Nxe5 11. Be2 Qd7 12. f4 Nec6 13. Bg4 Qe7 14. Nd5 Qxe4 15. Qe2 Bxb2 16. Qxb2 f5 17. Bf3 Qxc4 18. Nf6+ Rxf6 19. Qxf6 Nd7 20. Qb2 Re8 21. Kf2 Nb4 22. Be2 Qe4 23. Qb3+ d5 24. Rhe1 Nc2 25. Bd3 Nxa1 26. Bxe4 Nxb3 27. Bxd5+ Kf8 28. Bxb3 b6 29. Ba4 Rd8 30. Rd1 Ke7 31. Bc1 a6 32. Bc6 Nc5 33. Re1+ Kd6 34. Rd1+ Ke7 35. Rxd8 Kxd8 36. Ke3 Ke7 37. Kd4 Kd6 38. Bf3 Ne6+ 39. Kc4 b5+ 40. Kb4 Nd4 41. Bd1 Nc6+ 42. Kb3 a5 43. Be2 Nd4+ 44. Kb2 Nxe2 45. Bd2 a4 46. Ka3 Kd5 47. Kb4 c6 48. Be3 Ke4 49. Bb6 Nxf4 50. Kc5 Nxg2 51. Kxc6 b4 52. Bd8 f4 53. Kc5 b3 0-1

[Event "BRA-ch Amateur"]
[Site "Sao Paulo"]
[Date "2015.04.01"]
[Round "2"]
[White "Arduini, Leonardo Adolfo"]
[Black "Callegari, Lucca Lukjanenko"]
[Result "0-1"]
[WhiteElo "1716"]
[BlackElo "1320"]
[PlyCount "74"]
[EventDate "2015.04.30"]
[EventType "swiss"]
[EventRounds "7"]
[EventCountry "BRA"]
[SourceTitle "EXT 2022"]
[Source "ChessBase"]
[SourceDate "2021.10.06"]
[SourceVersion "1"]
[SourceVersionDate "2021.10.06"]
[SourceQuality "1"]

1. e4 g6 2. Bc4 Bg7 3. d4 d6 4. f4 a6 5. Nf3 Bg4 6. 0-0 b5 7. Bb3 Nc6 8. Be3 Nf6 9. h3 Bxf3 10. Qxf3 0-0 11. Nc3 Nd7 12. Rad1 Na5 13. e5 Nxb3 14. axb3 Rc8 15. h4 c5 16. h5 cxd4 17. Bxd4 b4 18. Ne4 Rxc2 19. hxg6 fxg6 20. Ng5 Qa8 21. Rf2 Qxf3 22. Rxf3 dxe5 23. fxe5 Rxf3 24. Nxf3 g5 25. e6 Bxd4+ 26. Rxd4 Nc5 27. Rd8+ Kg7 28. Ne5 Rxb2 29. Rc8 Nxb3 30. Nc6 Kf6 31. Nd8 Nd4 32. Nb7 Rc2 33. Rb8 b3 34. Na5 b2 35. Nc4 Rc1+ 36. Kh2 b1Q 37. Rxb1 Rxb1 0-1

[Event "BRA-ch Amateur"]
[Site "Sao Paulo"]
[Date "2015.04.01"]
[Round "3"]
[White "Felix, Luiza de Oliveira"]
[Black "Arduini, Leonardo Adolfo"]
[Result "0-1"]
[WhiteElo "1464"]
[BlackElo "1716"]
[PlyCount "48"]
[EventDate "2015.04.30"]
[EventType "swiss"]
[EventRounds "7"]
[EventCountry "BRA"]
[SourceTitle "EXT 2022"]
[Source "ChessBase"]
[SourceDate "2021.10.06"]
[SourceVersion "1"]
[SourceVersionDate "2021.10.06"]
[SourceQuality "1"]

1. e4 e5 2. Nf3 Nc6 3. Bc4 Nf6 4. d3 h6 5. c3 Be7 6. 0-0 a6 7. Bb3 Na5 8. Bc2 0-0 9. Nxe5 d6 10. Nf3 c5 11. h3 Nc6 12. Be3 b5 13. Nbd2 Bb7 14. Re1 Re8 15. Nf1 Qc7 16. Ng3 d5 17. Qd2 Ne5 18. Nxe5 Qxe5 19. Nf5 dxe4 20. Nxe7+ Rxe7 21. f4 Qf5 22. Qf2 exd3 23. g4 Qd5 24. Rad1 Qh1# 0-1

[Event "Ribeirao Preto Batatais op"]
[Site "Ribeirao Preto"]
[Date "2015.03.01"]
[Round "5"]
[White "Da Silva, Diego Nunes"]
[Black "Arduini, Leonardo Adolfo"]
[Result "1-0"]
[WhiteElo "1797"]
[BlackElo "1800"]
[PlyCount "103"]
[EventDate "2015.02.28"]
[EventType "swiss"]
[EventRounds "5"]
[EventCountry "BRA"]
[SourceTitle "CBM 165 Extra"]
[Source "ChessBase"]
[SourceDate "2015.04.21"]
[SourceVersion "1"]
[SourceVersionDate "2015.04.21"]
[SourceQuality "1"]

1. e4 e6 2. d4 d5 3. e5 c5 4. c3 Nc6 5. Bb5 cxd4 6. cxd4 Qa5+ 7. Nc3 Bb4 8. Bxc6+ bxc6 9. Bd2 c5 10. a3 Bxc3 11. Bxc3 Qb5 12. Qe2 c4 13. Qg4 g6 14. Nf3 f5 15. Qg5 a5 16. h4 Ra7 17. h5 Rg7 18. a4 Qb6 19. h6 Rf7 20. Qd2 Ra7 21. Ng5 Ne7 22. Qf4 Nc6 23. 0-0 Nb4 24. Qd2 Nd3 25. Rab1 0-0 26. b3 Qc7 27. bxc4 Qxc4 28. Rb5 Rc7 29. Bxa5 Ra7 30. Bb4 Re8 31. Ra5 Rxa5 32. Bxa5 Bd7 33. Qc3 Qxc3 34. Bxc3 Bxa4 35. Ra1 Bb3 36. Ra7 Rf8 37. Rg7+ Kh8 38. Rxh7+ Kg8 39. Rg7+ Kh8 40. Nf7+ Rxf7 41. Rxf7 Nf4 42. Kh2 g5 43. Re7 Nd3 44. f3 Nf4 45. g3 Ne2 46. Ba1 f4 47. g4 Bd1 48. Rxe6 Ng3 49. Kg2 Kh7 50. Rf6 Bc2 51. e6 Bg6 52. Rxg6 1-0

[Event "Batatais op 2nd"]
[Site "Batatais"]
[Date "2015.01.17"]
[Round "1"]
[White "Silva, Rodrigo Ferreira"]
[Black "Arduini, Leonardo Adolfo"]
[Result "1/2-1/2"]
[WhiteElo "1827"]
[BlackElo "1800"]
[PlyCount "48"]
[EventDate "2015.01.17"]
[EventType "swiss"]
[EventRounds "5"]
[EventCountry "BRA"]
[SourceTitle "CBM 164 Extra"]
[Source "ChessBase"]
[SourceDate "2015.03.02"]
[SourceVersion "1"]
[SourceVersionDate "2015.03.02"]
[SourceQuality "1"]

1. e4 e5 2. f4 exf4 3. Nf3 Bc5 4. d4 Bb6 5. c4 c5 6. d5 d6 7. Bxf4 Nf6 8. Nc3 Ba5 9. Bd3 0-0 10. 0-0 Bg4 11. Qc2 Nbd7 12. e5 dxe5 13. Nxe5 Nxe5 14. Bxe5 Nh5 15. h3 Bd7 16. Bxh7+ Kh8 17. Rae1 Qg5 18. Bf5 Bxf5 19. Qxf5 Qxf5 20. Rxf5 Nf6 21. Re3 Bd8 22. Ne2 Kg8 23. Bxf6 Bxf6 24. b3 b6 1/2-1/2